000 00779nam a22002777a 4500
001 BR9803617
003 BR-BrBNA
005 20230928095955.0
007 ta
008 230509b bl.||||| |||| 00| 0 por d
040 _aBR-BrBNA
_bpor
_cBiblioteca Nacional de Agricultura
041 _a(Por)
072 _aL10
090 _ L10 BR9803617
110 1 _aAssociacao Brasileira dos Criadores de Zebu, Uberaba, MG (Brasil)
245 1 _aAlguns aspectos da inseminacao artificial no Brasil
260 3 _aUberaba, MG (Brasil):
_c[nd].
300 _a18 p.
500 _a5 ref.; 14 graphy
650 _aInseminacao Artificial
650 _aMelhoramento Genetico Animal
650 _aDado
650 _aEstatistica
909 _a202309
_bLucia
_c55
_dLucia Elande
942 _cBK
999 _c59684
_d59684